The education of Hindus under Muslim rule. (Record no. 56773)

MARC details
000 -LEADER
fixed length control field 00642cam a22002171 4500
001 - CONTROL NUMBER
control field sa 64001489
003 - CONTROL NUMBER IDENTIFIER
control field DLC
005 - DATE AND TIME OF LATEST TRANSACTION
control field 20260227112003.0
008 - FIXED-LENGTH DATA ELEMENTS--GENERAL INFORMATION
fixed length control field 841012s1963 pk 000 0 eng
010 ## - LIBRARY OF CONGRESS CONTROL NUMBER
LC control number sa 64001489
025 ## - OVERSEAS ACQUISITION NUMBER
Overseas acquisition number PL480:P-E-342
035 ## - SYSTEM CONTROL NUMBER
System control number (OCoLC)11258463
040 ## - CATALOGING SOURCE
Original cataloging agency DLC
Transcribing agency WU
Modifying agency DLC
042 ## - AUTHENTICATION CODE
Authentication code premarc
050 00 - LIBRARY OF CONGRESS CALL NUMBER
Classification number AZ777
Item number .N3
100 1# - MAIN ENTRY--PERSONAL NAME
Personal name Nadvi, Syed Sulaiman.
245 14 - TITLE STATEMENT
Title The education of Hindus under Muslim rule.
260 ## - PUBLICATION, DISTRIBUTION, ETC.
Place of publication, distribution, etc. Karachi,
Name of publisher, distributor, etc. Academy of Educational Research, All Pakistan Educational Conference,
Date of publication, distribution, etc. 1963.
300 ## - PHYSICAL DESCRIPTION
Extent viii, 138 p.
Dimensions 19 cm.
650 #0 - SUBJECT ADDED ENTRY--TOPICAL TERM
Topical term or geographic name entry element Learning and scholarship
Geographic subdivision Mogul Empire.

No items available.

Powered by Koha